00953nam a2200217 u 450000100100000000500170001000800410002702000150006804000250008308200140010810000350012224501950015726001180035230000290047050000380049950000270053770000330056404900090059795201120060699900170071800002394520200930022606.0110117s1998 mx a r 000 | spa d a9683666326 aDO-SdBNPbspacBNPHU axxxbR4671 aReza, Germán A. de la91332210a¿Qué pasa con la cultura? : políticas culturales de la dirección de cultura del ministerio de educación y cultura /cGermán A. de la Reza; edición al cuidado de Marisol Simón. aMéxico, D. F. :bUniversidad Nacional Autónoma de México, Instituto de Investigaciones Económicas,c1998. a1645 p. :bil. ;c28 cm. aIncluye notas al pie de páginas aIncluye bibliografía1 aSimón, Marisoleed.949262 aBNGR 001050718MOaGRbGRcCTd2011-01-17iLF1l0oxxx R467p23945-10r2020-06-25w2020-06-25y1ZNo se presta c23441d23441